Relatos para niños y otros lectores / (Registro nro. 3758)

Detalles MARC
000 -LEADER
fixed length control field 01010nam a2200241Ia 4500
003 - CONTROL NUMBER IDENTIFIER
control field OSt
005 - DATE AND TIME OF LATEST TRANSACTION
control field 20250808123321.0
008 - FIXED-LENGTH DATA ELEMENTS--GENERAL INFORMATION
fixed length control field 191128t2006 ck a br 000 j spa d
020 ## - INTERNATIONAL STANDARD BOOK NUMBER
International Standard Book Number 9789588321080
040 ## - CATALOGING SOURCE
Original cataloging agency CO-JMCR
Transcribing agency CO-JMCR
041 0# - LANGUAGE CODE
Language code of text/sound track or separate title spa
082 04 - DEWEY DECIMAL CLASSIFICATION NUMBER
Classification number C
Item number GRIr
100 1# - MAIN ENTRY--PERSONAL NAME
Personal name Grimm, Jacob Ludwig Karl,
Relator term autor
9 (RLIN) 3269
245 10 - TITLE STATEMENT
Title Relatos para niños y otros lectores /
Statement of responsibility, etc. Hermanos Grimm, Alexander Pushkin, Rudyard Kipling ; ilustraciones, Olga Cuéllar
260 ## - PUBLICATION, DISTRIBUTION, ETC.
Place of publication, distribution, etc. Bogotá :
Name of publisher, distributor, etc. Alcaldía Mayor de Bogotá,
Date of publication, distribution, etc. ©2006
300 ## - PHYSICAL DESCRIPTION
Extent 63 páginas :
Other physical details ilustraciones a blanco y negro ;
Dimensions 17 cm.
490 0# - SERIES STATEMENT
Series statement Libro al viento
505 ## - FORMATTED CONTENTS NOTE
Title La historia del Sr. Vinagre : cuento tradicional inglés --
-- La nariz /
Statement of responsibility Hermanos Grimm --
Title La historia del pez de oro /
Statement of responsibility Alexander Pushkin --
Title El gato que caminaba solo /
Statement of responsibility Rudyard Kipling
650 14 - SUBJECT ADDED ENTRY--TOPICAL TERM
Topical term or geographic name entry element Cuentos infantiles
9 (RLIN) 3270
700 ## - ADDED ENTRY--PERSONAL NAME
Personal name Pushkin, Aleksandr Sergeevich,
Relator term autor
9 (RLIN) 3271
700 ## - ADDED ENTRY--PERSONAL NAME
Personal name Kipling, Rudyard,
Relator term autor
9 (RLIN) 3272
942 ## - ADDED ENTRY ELEMENTS (KOHA)
Source of classification or shelving scheme Dewey Decimal Classification
Koha item type Books
Existencias
Withdrawn status Lost status Source of classification or shelving scheme Damaged status Not for loan Collection code Home library Current library Date acquired Source of acquisition Cost, normal purchase price Total Checkouts Total Renewals Full call number Barcode Date last seen Date last checked out Copy number Koha item type Price effective from
    Dewey Decimal Classification     Fiction Biblioteca Pública José María del Castillo y Rada Biblioteca Pública José María del Castillo y Rada 11/28/2019 Donación 0.00 8 2 C GRIr 201808063 07/24/2024 07/24/2024 Ej.2 Books  
    Dewey Decimal Classification     Fiction Biblioteca Pública José María del Castillo y Rada Biblioteca Pública José María del Castillo y Rada 11/28/2019   0.00 8   C / GRIr 201808062 01/30/2026 01/30/2026 Ej.1 Books 04/22/2020